00832nam a22002177a 45000010005000000030006000050050017000110080041000280200018000690400029000870500014001160820012001301000019001422450132001612600044002933000049003374900030003865200130004166500034005466500034005808001FISKH20250818144358.0250818b cb ||||| |||| 00| 0 eng d a9780756607210 aFISKHbengcFISKHdFISKH aQH95 .P37 a591.909 aParker, Steve  aSeashore : bDiscover the world's coastal regions- and the creatures that live on the sand and sea / cWritten by Steve Parker aLondon : bDK Publishing, Inc. ,c1989. a72 pages : bcolor illustrations ;c28 cm .  aDK Eyewitness Guides v15 aBrief text and photos introduce the animal inhabitants of the seashore, including fish, crustaceans, snails, and shorebirds.  aEyewitness BooksvNon-fiction aSeashore biologyvNon-fiction